1313 1821 1602 1304 1752 1079 1950 1477 1826 1497 1304 1522 1369 1867 1296 1389 1308 1277 1715 1717 1802 1868 1906 1832 1606 1455 1992 1231 1416 1831 1442 1322 1429 1659 1182 1611 1171 1736 1823 1809 1897 1338 1239 1248 1666 1369 1299 1858 1292 1873 1893 1458 1962 1141 1762 1213 1213 1547 1120 1109 1876 1895 1169 1904 1268 1936 1260 1224 1588 1007 1315 1007 1772 1981 1350 1679 1568 1400 1324 1198 1080 1753 1527 1564 1342 1464 1792 1184 1026 1456 1255 1603 1708 1559 1307 1626 1892 1729 1356 BCNSPRNW ULIB Ver.6.0+V

เปลี่ยนเป็นภาษาไทย

Change to English
 แสดงรายละเอียดบรรณานุกรม
  กลับหน้าหลัก

Brief Record : Get Marc (ISO 2709) : E-mail record : QR code < ปิดหน้าต่าง
LEADER : 00000nam 2200000uu 4500
001    13399109535
003     ULIB
008    110404s2551||||th 000 0 tha d
020    9789741149247
060    WX218^bว896 2551
245 00 เวชบำบัดวิกฤตสงขลานครินทร์ =^bCritical care Songklanagarind/^cบรรณาธิการโดย, บดินทร์ ขวัญนิมิตร
246 31 Critical care Songklanagarind
250    พิมพ์ครั้งที่ 1
260    สงขลา :^bหน่วยผลิตตำราคณะแพทยศาสตร์มหาวิทยาลัยสงขลานครินทร์,^c2551
300    [8], 516 หน้า :^bภาพประกอบ ;^c27 ซม.
650  2 Critical Care
650  2 Emergencies
650  7 ผู้ป่วยหนัก, การดูแล
650  7 เวชศาสตร์ฉุกเฉิน^xโรงพยาบาลสงขลานครินทร์
650  7 ภาวะวิกฤติ
700 0  บดินทร์ ขวัญนิมิตร,^eบรรณาธิการ
710 2  มหาวิทยาลัยสงขลานครินทร์. ^bคณะแพทยศาสตร์. ^bหน่วยผลิตตำรา
945    ^p740^l0^i024278
945    ^p740^l0^i024434
995    เกษร
999 ^a ใช้งานได้ทุกระบบ
รายการนี้ยังไม่มีแท็ก
คุณยังไม่ได้ล็อกอิน คุณสามารถมีกิจกรรมร่วมกับเว็บไซต์ได้ แต่ต้องล็อกอินก่อน ::
  ล็อกอิน

รายการสื่อสารสนเทศ

ลำดับที่ ประเภท เลขเรียก/บาร์โค้ด สถานที่ สถานะ
- ไม่พบข้อมูล -

รายการใกล้เคียง
    หัวเรื่อง [Critical Care]
    หัวเรื่อง [Emergencies]
    หัวเรื่อง [ผู้ป่วยหนัก, การดูแล]
    หัวเรื่อง [ภาวะวิกฤติ]

BibComment


ยังไม่เคยถูกคอมเมนท์

คอมเมนท์ทรัพยากรรายการนี้
  คอมเมนท์: เวชบำบัดวิกฤตสงขล..


 Copyright 2026. Bcnsprnw @Library